Statistics for Countries Bordering 'I' Countries

Click here to take the quiz!

General Stats

  • This quiz has been taken 395 times
    (386 since last reset)
  • The average score is 25 of 29

Answer Stats

Country% Correct
Pakistan
96%
Afghanistan
94%
Nepal
92%
Bangladesh
91%
China
91%
Syria
91%
Jordan
89%
Turkey
89%
Bhutan
87%
Iraq
87%
United Kingdom
87%
Iran
86%
Saudi Arabia
86%
France
85%
Kuwait
85%
Switzerland
85%
Austria
84%
Malaysia
84%
Armenia
83%
Lebanon
83%
Azerbaijan
82%
Burma
80%
San Marino
80%
Vatican City
80%
Turkmenistan
78%
Slovenia
77%
East Timor
76%
Egypt
75%
Papua New Guinea
69%

Score Distribution

Percentile by Number Answered

Percent of People with Each Score

Your Score History

You have not taken this quiz since the last reset